| 000 | 00422cam a2200157ua 4500 | ||
|---|---|---|---|
| 041 |
_aeng _h |
||
| 082 |
_a697.93 _bPAT/PR |
||
| 100 | _aPatel, P M . | ||
| 245 |
_aPrinciples of air conditioning in theory and practice / _cP M Patel. _hTextual Documents |
||
| 260 |
_aMumbai : _bAllied Publishers Pvt Ltd , _c1963. |
||
| 300 | _a1831 ; . | ||
| 504 | _a | ||
| 700 | 1 | _aMehta, A K . | |
| 942 | _cBK | ||
| 999 |
_c9671 _d9671 |
||